Statystyki dla Quiz o Geografi dla początkujących

Kliknij tutaj aby rozwiązać quiz!

Ogólne statystyki

  • Ten quiz został rozwiązany 277 razy
  • Średni wynik to 14 z 15

Statystyki odpowiedzi

PytanieOdpowiedź% Poprawnych
Stolica PolskiWarszawa
100%
Stolica NiemiecBerlin
99%
Dokończ nazwe „Republika
Południowej ...”
Afryki
98%
Stolica Wielkiej BrytaniiLondyn
98%
Stolica UkrainyKijów
97%
Stolica RosjiMoskwa
97%
Stolica CzechPraga
97%
Stolica tego państwa to SztokholmSzwecja
96%
Stolica GrecjiAteny
95%
Najmniejszy kraj na świecieWatykan
95%
Dokończ nazwe „Hisz ... ”Pania
92%
Stolica PortugaliiLizbona
91%
Stolica IrlandiiDublin
88%
Największa góra w polsceRysy
87%
Największa wyspa świataGrenlandia
86%

Rozkład punktacji

Percentyl według liczby udzielonych odpowiedzi

Procent ludzi z każdym wynikiem

Twoja historia wyników

Nie rozwiązałeś tego quizu